000 00492nam a2200181Ia 4500
005 20250508150232.0
008 008 250505s9999 xx 000 0 eng d
037 _aTextual
040 _aFEDL
_beng
_cFEDL
041 _aeng
_2eng
084 _a372.5, RAW
_qFEDL
100 _aRow T E
_9756203
245 0 _aModern script for schools
260 _aLondon, UK
_bGeorge G Harrap and Co Ltd.
_c1923
300 _a77p.
942 _cTEXL
_h372.5, RAW
999 _c1322548
_d1322548